[Event "Split Open 2017"]
[Site "Split CRO"]
[Date "2017.08.20"]
[Round "1.1"]
[White "Martinovic, Sasa"]
[Black "Fiedorek, Michal"]
[Result "1-0"]
[WhiteElo "2570"]
[BlackElo "1969"]
[PlyCount "77"]
[EventDate "2017.08.20"]
[EventType "swiss"]
[EventRounds "9"]
[EventCountry "CRO"]
[SourceTitle "Ajedrez en Madrid"]
[Source "lmi"]
[SourceDate "2017.08.20"]
[SourceVersion "1"]
[SourceVersionDate "2018.03.10"]
[SourceQuality "1"]

1. d4 Nf6 2. c4 g6 3. f3 Bg7 4. e4 d6 5. Nc3 O-O 6. Nge2 Nbd7 7. Be3 a6 8. Qd2
c5 9. dxc5 dxc5 10. Rd1 Qc7 11. Bf4 Qc6 12. Ng3 Nb6 13. b3 e5 14. Bh6 Re8 15.
h4 Bh8 16. h5 Be6 17. Be2 Nc8 18. Bg5 Na7 19. hxg6 fxg6 20. Nd5 Bxd5 21. exd5
Qd7 22. Bxf6 Bxf6 23. Ne4 Qe7 24. Qh6 Rf8 25. d6 Qg7 26. Qxg7+ Bxg7 27. Nxc5 b6
28. Ne6 Rf6 29. d7 Rxe6 30. d8=Q+ Rxd8 31. Rxd8+ Bf8 32. c5 b5 33. Ra8 Re7 34.
Bd3 Kg7 35. Be4 a5 36. Ke2 Rc7 37. Rc1 Be7 38. c6 Kf6 39. Rxa7 1-0

[Event "Split Open 2017"]
[Site "Split CRO"]
[Date "2017.08.20"]
[Round "1.2"]
[White "Tomic-Potrebujes, Zlatko"]
[Black "Saric, Ante"]
[Result "0-1"]
[WhiteElo "1965"]
[BlackElo "2538"]
[PlyCount "46"]
[EventDate "2017.08.20"]
[EventType "swiss"]
[EventRounds "9"]
[EventCountry "CRO"]
[SourceTitle "Ajedrez en Madrid"]
[Source "lmi"]
[SourceDate "2017.08.20"]
[SourceVersion "1"]
[SourceVersionDate "2018.03.10"]
[SourceQuality "1"]

1. c4 e6 2. Nc3 d5 3. e3 Nf6 4. Nf3 Be7 5. Be2 O-O 6. O-O dxc4 7. Bxc4 a6 8. d4
b5 9. Bd3 Bb7 10. Ne5 c5 11. Ng4 cxd4 12. exd4 Nc6 13. Nxf6+ Bxf6 14. d5 Nb4
15. d6 Nxd3 16. Qxd3 b4 17. Ne2 a5 18. Rd1 Bd5 19. Bf4 Bxb2 20. Rab1 Bf6 21.
Qd2 Qd7 22. Rbc1 Qa4 23. Rc2 b3 0-1

[Event "Split Open 2017"]
[Site "Split CRO"]
[Date "2017.08.20"]
[Round "1.3"]
[White "Dobrowolski, Piotr"]
[Black "Krebs, Ralf"]
[Result "1-0"]
[WhiteElo "2423"]
[BlackElo "1965"]
[PlyCount "45"]
[EventDate "2017.08.20"]
[EventType "swiss"]
[EventRounds "9"]
[EventCountry "CRO"]
[SourceTitle "Ajedrez en Madrid"]
[Source "lmi"]
[SourceDate "2017.08.20"]
[SourceVersion "1"]
[SourceVersionDate "2018.03.10"]
[SourceQuality "1"]

1. e4 d6 2. d4 Nf6 3. Nc3 g6 4. f4 Bg7 5. Bd3 c6 6. Nf3 Nbd7 7. e5 dxe5 8. fxe5
Nd5 9. O-O O-O 10. Nxd5 cxd5 11. c3 Nb8 12. Qe1 Bg4 13. Qh4 h5 14. h3 Bxf3 15.
Rxf3 Nc6 16. g4 Qb6 17. Kh1 Nxd4 18. cxd4 Qxd4 19. Bf4 Bxe5 20. Bxe5 Qxe5 21.
gxh5 Qxh5 22. Qxh5 gxh5 23. Rg1+ 1-0

[Event "Split Open 2017"]
[Site "Split CRO"]
[Date "2017.08.20"]
[Round "1.4"]
[White "Balen, Teo"]
[Black "Plenkovic, Zdenko"]
[Result "0-1"]
[WhiteElo "1964"]
[BlackElo "2417"]
[PlyCount "84"]
[EventDate "2017.08.20"]
[EventType "swiss"]
[EventRounds "9"]
[EventCountry "CRO"]
[SourceTitle "Ajedrez en Madrid"]
[Source "lmi"]
[SourceDate "2017.08.20"]
[SourceVersion "1"]
[SourceVersionDate "2018.03.10"]
[SourceQuality "1"]

1. d4 Nf6 2. c4 g6 3. Nc3 Bg7 4. e4 d6 5. f3 O-O 6. Nge2 c5 7. Be3 Nc6 8. d5
Ne5 9. Ng3 e6 10. Be2 exd5 11. cxd5 a6 12. a4 h5 13. O-O Nh7 14. Qd2 h4 15. Nh1
f5 16. Nf2 Bd7 17. a5 Qf6 18. f4 Nf7 19. Bd3 Rfe8 20. Rae1 Rac8 21. exf5 gxf5
22. Rd1 Qd8 23. Ra1 Nf6 24. h3 Nh5 25. Rfe1 Qf6 26. Qd1 Qh6 27. Qf3 Rxe3 28.
Rxe3 Nxf4 29. Re7 Ne5 30. Rxe5 Bxe5 31. Bc2 Kh8 32. Nd3 Nxd3 33. Bxd3 Rg8 34.
Ne2 Rg5 35. Rb1 Bb5 36. b4 c4 37. Bxf5 Qf6 38. Rf1 c3 39. Be4 Qxf3 40. Bxf3 c2
41. Kf2 Bxe2 42. Kxe2 Bf4 0-1

[Event "Split Open 2017"]
[Site "Split CRO"]
[Date "2017.08.20"]
[Round "1.5"]
[White "Srbis, Jurica"]
[Black "Erwich, Frans"]
[Result "1-0"]
[WhiteElo "2417"]
[BlackElo "1949"]
[PlyCount "89"]
[EventDate "2017.08.20"]
[EventType "swiss"]
[EventRounds "9"]
[EventCountry "CRO"]
[SourceTitle "Ajedrez en Madrid"]
[Source "lmi"]
[SourceDate "2017.08.20"]
[SourceVersion "1"]
[SourceVersionDate "2018.03.10"]
[SourceQuality "1"]

1. e4 e5 2. Nf3 Nc6 3. Bb5 Nf6 4. O-O Nxe4 5. d4 Nd6 6. Bxc6 dxc6 7. dxe5 Nf5
8. Qxd8+ Kxd8 9. Nc3 h6 10. h3 Ne7 11. b3 Ng6 12. Bb2 Be7 13. Rad1+ Ke8 14.
Rfe1 Nf4 15. Nd4 a6 16. Re4 g5 17. Ree1 c5 18. Nde2 Nxe2+ 19. Rxe2 Be6 20. Nd5
Bd8 21. Red2 c6 22. Nf6+ Ke7 23. Ba3 b6 24. c4 Rc8 25. Bb2 Bc7 26. Ne4 Rhd8 27.
Nd6 Ra8 28. g4 a5 29. Nf5+ Bxf5 30. gxf5 Rxd2 31. Rxd2 a4 32. Kg2 axb3 33. axb3
Ra2 34. Re2 Kd7 35. Kf3 b5 36. e6+ fxe6 37. fxe6+ Ke8 38. Ke4 Bf4 39. Kd3 h5
40. f3 Ra8 41. Bf6 Ra3 42. Ke4 Rxb3 43. Ra2 bxc4 44. Ra8+ Rb8 45. Ra7 1-0

[Event "Split Open 2017"]
[Site "Split CRO"]
[Date "2017.08.20"]
[Round "1.6"]
[White "Porobija, Antonio"]
[Black "Burdalev, Kirill"]
[Result "0-1"]
[WhiteElo "1947"]
[BlackElo "2368"]
[PlyCount "48"]
[EventDate "2017.08.20"]
[EventType "swiss"]
[EventRounds "9"]
[EventCountry "CRO"]
[SourceTitle "Ajedrez en Madrid"]
[Source "lmi"]
[SourceDate "2017.08.20"]
[SourceVersion "1"]
[SourceVersionDate "2018.03.10"]
[SourceQuality "1"]

1. e4 e6 2. d4 d5 3. Nd2 Nf6 4. e5 Nfd7 5. c3 c5 6. Ngf3 Nc6 7. Bd3 g6 8. Bc2
Bg7 9. O-O O-O 10. Re1 cxd4 11. cxd4 Qb6 12. Nf1 f6 13. exf6 Nxf6 14. b3 Ng4
15. Ba3 Nxf2 16. Kxf2 Bxd4+ 17. Ke2 Rf7 18. Nxd4 Nxd4+ 19. Kd3 Bd7 20. Ne3 Rc8
21. Nc4 Bb5 22. Kc3 Bxc4 23. bxc4 Rxc4+ 24. Kd3 Nxc2 0-1

[Event "Split Open 2017"]
[Site "Split CRO"]
[Date "2017.08.20"]
[Round "1.7"]
[White "Ostovic, Matija"]
[Black "Novak, Ivo"]
[Result "1-0"]
[WhiteElo "2360"]
[BlackElo "1911"]
[PlyCount "89"]
[EventDate "2017.08.20"]
[EventType "swiss"]
[EventRounds "9"]
[EventCountry "CRO"]
[SourceTitle "Ajedrez en Madrid"]
[Source "lmi"]
[SourceDate "2017.08.20"]
[SourceVersion "1"]
[SourceVersionDate "2018.03.10"]
[SourceQuality "1"]

1. e4 c5 2. c3 g6 3. d4 cxd4 4. cxd4 d5 5. exd5 Nf6 6. Nc3 Bg7 7. Bc4 O-O 8.
Nge2 Nbd7 9. Nf4 Nb6 10. Bb3 Bf5 11. O-O Qd6 12. Re1 a5 13. a4 Rfe8 14. Nb5 Qd7
15. Qf3 Bg4 16. Qe3 Bf5 17. Bd2 Ne4 18. Nd3 Rec8 19. Ne5 Qd8 20. d6 Bxe5 21.
dxe5 Nc4 22. Bxc4 Rxc4 23. Nc7 Rc8 24. Bxa5 exd6 25. exd6 Qxd6 26. Nb5 Qa6 27.
b4 Qf6 28. Bb6 Rxb4 29. Bd4 Qg5 30. Qxg5 Nxg5 31. Nd6 Ra8 32. Bc3 Rb3 33. Bf6
Rb6 34. Rad1 Ne6 35. Nxf5 gxf5 36. Rd5 Ng7 37. Bd4 Re6 38. Rb1 Rae8 39. h4 Re1+
40. Rxe1 Rxe1+ 41. Kh2 Ne6 42. Bf6 Re4 43. a5 f4 44. Rb5 h5 45. Rxh5 1-0

[Event "Split Open 2017"]
[Site "Split CRO"]
[Date "2017.08.20"]
[Round "1.9"]
[White "Yrjola, Jouni"]
[Black "Warnk, Torsten"]
[Result "1-0"]
[WhiteElo "2343"]
[BlackElo "1902"]
[PlyCount "75"]
[EventDate "2017.08.20"]
[EventType "swiss"]
[EventRounds "9"]
[EventCountry "CRO"]
[SourceTitle "Ajedrez en Madrid"]
[Source "lmi"]
[SourceDate "2017.08.20"]
[SourceVersion "1"]
[SourceVersionDate "2018.03.10"]
[SourceQuality "1"]

1. d4 d5 2. c4 e6 3. Nc3 Nf6 4. cxd5 exd5 5. Bg5 Be7 6. e3 O-O 7. Bd3 Nbd7 8.
Nge2 c6 9. Qc2 h6 10. Bh4 Nh5 11. Bxe7 Qxe7 12. g4 Nhf6 13. Rg1 g5 14. Ng3 Nb6
15. Bf5 Be6 16. O-O-O Nc4 17. Rde1 Nd6 18. f4 Kg7 19. fxg5 hxg5 20. Qd2 Bxf5
21. Nxf5+ Nxf5 22. gxf5 Ne4 23. Nxe4 dxe4 24. h4 f6 25. Rg4 Rg8 26. hxg5 fxg5
27. Qg2 Kf7 28. Rxe4 Qb4 29. Qe2 Rh8 30. a3 Qd6 31. Re6 Qg3 32. Rf1 Rh7 33. Qc4
Rd8 34. Rd6+ Kg7 35. Rxd8 Qxe3+ 36. Kb1 Qd2 37. Qg8+ Kf6 38. Qf8+ 1-0

[Event "Split Open 2017"]
[Site "Split CRO"]
[Date "2017.08.20"]
[Round "1.10"]
[White "Mangei, Jasmin"]
[Black "Gjuran, Denis"]
[Result "0-1"]
[WhiteElo "1894"]
[BlackElo "2342"]
[PlyCount "98"]
[EventDate "2017.08.20"]
[EventType "swiss"]
[EventRounds "9"]
[EventCountry "CRO"]
[SourceTitle "Ajedrez en Madrid"]
[Source "lmi"]
[SourceDate "2017.08.20"]
[SourceVersion "1"]
[SourceVersionDate "2018.03.10"]
[SourceQuality "1"]

1. e4 c5 2. Nf3 g6 3. c3 Bg7 4. d4 cxd4 5. cxd4 d5 6. e5 Bg4 7. Nc3 Nc6 8. Be3
Nh6 9. Bd3 Nf5 10. Bxf5 gxf5 11. Qb3 f4 12. Bxf4 Bxf3 13. gxf3 Nxd4 14. Qa4+
Nc6 15. O-O-O e6 16. Ne4 Qa5 17. Nd6+ Ke7 18. Qxa5 Nxa5 19. Rhg1 Rhg8 20. Bg3
f6 21. f4 Kd7 22. Kb1 Nc6 23. exf6 Bxf6 24. Nxb7 Be7 25. f5 d4 26. fxe6+ Kxe6
27. Rge1+ Kd5 28. Rc1 Bb4 29. Re2 Rg7 30. a3 Bxa3 31. bxa3 Rxb7+ 32. Ka2 Rb5
33. Rb2 Rxb2+ 34. Kxb2 Re8 35. Kc2 Re2+ 36. Kd3 Ra2 37. Rb1 Rxa3+ 38. Kd2 Ra2+
39. Kd3 Ra3+ 40. Kd2 Kc4 41. f4 Ra2+ 42. Kd1 Ne7 43. Ke1 Nf5 44. Bf2 Kd3 45.
Rd1+ Ke4 46. h4 Kf3 47. Bxd4 Re2+ 48. Kf1 Ng3+ 49. Kg1 Rg2# 0-1

[Event "Split Open 2017"]
[Site "Split CRO"]
[Date "2017.08.20"]
[Round "1.11"]
[White "Armanda, Ivica"]
[Black "Bonetti, Carlo"]
[Result "1-0"]
[WhiteElo "2335"]
[BlackElo "1892"]
[PlyCount "59"]
[EventDate "2017.08.20"]
[EventType "swiss"]
[EventRounds "9"]
[EventCountry "CRO"]
[SourceTitle "Ajedrez en Madrid"]
[Source "lmi"]
[SourceDate "2017.08.20"]
[SourceVersion "1"]
[SourceVersionDate "2018.03.10"]
[SourceQuality "1"]

1. e4 c6 2. d4 d5 3. Nc3 dxe4 4. Nxe4 Nf6 5. Nxf6+ exf6 6. c3 Bd6 7. Bd3 Qc7 8.
Qc2 h6 9. Ne2 Bg4 10. Be3 Nd7 11. h3 Be6 12. c4 Bb4+ 13. Kf1 Be7 14. Rc1 Nb6
15. b3 c5 16. d5 Bd7 17. Nc3 a5 18. a4 Nc8 19. Re1 Kf8 20. g3 Nd6 21. Kg2 g5
22. Ne4 Nf5 23. Qc3 Ra6 24. f3 h5 25. Bf2 h4 26. g4 Nd4 27. Bxd4 cxd4 28. Qxd4
Rh6 29. c5 Qf4 30. Bxa6 1-0

[Event "Split Open 2017"]
[Site "Split CRO"]
[Date "2017.08.21"]
[Round "2.1"]
[White "Yuksel, Atilla Koksal"]
[Black "Martinovic, Sasa"]
[Result "0-1"]
[WhiteElo "2097"]
[BlackElo "2570"]
[PlyCount "44"]
[EventDate "2017.08.20"]
[EventType "swiss"]
[EventRounds "9"]
[EventCountry "CRO"]
[SourceTitle "Ajedrez en Madrid"]
[Source "lmi"]
[SourceDate "2017.08.20"]
[SourceVersion "1"]
[SourceVersionDate "2018.03.10"]
[SourceQuality "1"]

1. e4 e6 2. d4 d5 3. e5 c5 4. c3 Nc6 5. Be3 Bd7 6. Qd2 Rc8 7. Bd3 cxd4 8. cxd4
Nb4 9. Nc3 Nxd3+ 10. Qxd3 Qb6 11. Rb1 Bb4 12. Bd2 Ne7 13. Nge2 O-O 14. O-O a6
15. Kh1 f6 16. f4 Be8 17. f5 Nxf5 18. Nxd5 exd5 19. Qb3 Rc4 20. a3 Ba5 21. Qxb6
Bxb6 22. Rxf5 Bg6 0-1

[Event "Split Open 2017"]
[Site "Split CRO"]
[Date "2017.08.21"]
[Round "2.2"]
[White "Saric, Ante"]
[Black "Starcevic, Ante Leon"]
[Result "1-0"]
[WhiteElo "2538"]
[BlackElo "2102"]
[PlyCount "105"]
[EventDate "2017.08.20"]
[EventType "swiss"]
[EventRounds "9"]
[EventCountry "CRO"]
[SourceTitle "Ajedrez en Madrid"]
[Source "lmi"]
[SourceDate "2017.08.20"]
[SourceVersion "1"]
[SourceVersionDate "2018.03.10"]
[SourceQuality "1"]

1. Nf3 Nf6 2. g3 g6 3. b3 Bg7 4. Bb2 d5 5. c4 c6 6. Bg2 O-O 7. O-O b6 8. d4 Bb7
9. Nbd2 Nbd7 10. e3 c5 11. Qe2 e6 12. Rfd1 Qe7 13. a4 a5 14. Rac1 Rfd8 15. cxd5
Ba6 16. d6 Qxd6 17. Qe1 Rac8 18. Ne5 Nd5 19. Ndc4 Qb8 20. Nxd7 Rxd7 21. dxc5
Rxc5 22. Bxg7 Kxg7 23. e4 Bxc4 24. Rxc4 Nf6 25. Rxc5 Rxd1 26. Qxd1 bxc5 27. h3
e5 28. Bf3 Qb4 29. Qc2 Ne8 30. Qd3 Nf6 31. Kg2 Qd4 32. Qe2 g5 33. Qe1 Qb4 34.
Qe3 h6 35. Qd3 Qd4 36. Qc2 Kg6 37. Kf1 Qa1+ 38. Ke2 Qd4 39. Qd3 Qb2+ 40. Ke3
Kg7 41. Bd1 Qc1+ 42. Ke2 Qb2+ 43. Bc2 Kf8 44. Qc4 Qd4 45. Qxd4 exd4 46. Kd3 Nd7
47. Kc4 Ke7 48. Kb5 Kd6 49. f4 gxf4 50. gxf4 Nb8 51. Bd3 Nc6 52. e5+ Kc7 53.
Kxc5 1-0

[Event "Split Open 2017"]
[Site "Split CRO"]
[Date "2017.08.21"]
[Round "2.3"]
[White "Trajber, Daniel"]
[Black "Dobrowolski, Piotr"]
[Result "0-1"]
[WhiteElo "2072"]
[BlackElo "2423"]
[PlyCount "66"]
[EventDate "2017.08.20"]
[EventType "swiss"]
[EventRounds "9"]
[EventCountry "CRO"]
[SourceTitle "Ajedrez en Madrid"]
[Source "lmi"]
[SourceDate "2017.08.20"]
[SourceVersion "1"]
[SourceVersionDate "2018.03.10"]
[SourceQuality "1"]

1. Nf3 Nf6 2. c4 b6 3. g3 Bb7 4. Bg2 g6 5. O-O Bg7 6. d4 O-O 7. Nc3 Ne4 8. Bd2
c5 9. d5 Nxd2 10. Qxd2 e5 11. e4 d6 12. Ne1 Nd7 13. f4 exf4 14. gxf4 Ba6 15.
Nb5 Bxb5 16. cxb5 a6 17. bxa6 Rxa6 18. Nf3 Re8 19. Rfe1 Ra4 20. Qc2 Rb4 21.
Rab1 Qf6 22. a3 Rxb2 23. e5 Rxc2 24. exf6 Nxf6 25. Rxe8+ Nxe8 26. Rxb6 Bf8 27.
Ng5 h6 28. Ne4 f5 29. Rb8 Kf7 30. Nf2 Bg7 31. Rb7+ Kf8 32. Kf1 Bd4 33. Nd3 Rd2
0-1

[Event "Split Open 2017"]
[Site "Split CRO"]
[Date "2017.08.21"]
[Round "2.4"]
[White "Plenkovic, Zdenko"]
[Black "Simoni, Giulio"]
[Result "1-0"]
[WhiteElo "2417"]
[BlackElo "2100"]
[PlyCount "117"]
[EventDate "2017.08.20"]
[EventType "swiss"]
[EventRounds "9"]
[EventCountry "CRO"]
[SourceTitle "Ajedrez en Madrid"]
[Source "lmi"]
[SourceDate "2017.08.20"]
[SourceVersion "1"]
[SourceVersionDate "2018.03.10"]
[SourceQuality "1"]

1. g3 Nf6 2. Bg2 c5 3. Nf3 e6 4. O-O Be7 5. d4 cxd4 6. Nxd4 O-O 7. c4 a6 8. Nc3
Qc7 9. Na4 d6 10. Qb3 Nfd7 11. Be3 Nc6 12. Rac1 Nxd4 13. Bxd4 Rb8 14. Ba7 Ra8
15. Qe3 Qa5 16. b3 Nc5 17. Bb6 Qb4 18. Qc3 Qxc3 19. Nxc3 Nd7 20. Bc7 Nf6 21.
Rcd1 Ne8 22. Ba5 Rb8 23. Bb6 f5 24. Na4 Bd7 25. Ba7 Ra8 26. Nb6 Rxa7 27. Nxd7
Rf7 28. Nb6 Bf8 29. c5 d5 30. Nxd5 exd5 31. Bxd5 Nf6 32. Bxf7+ Kxf7 33. Rd8 Be7
34. Rc8 Ke6 35. Rd1 a5 36. Rc7 Ne8 37. Rc8 Nf6 38. a3 Ra6 39. b4 axb4 40. axb4
Rc6 41. Rb8 Rc7 42. Kg2 Nd7 43. Ra8 Ne5 44. Rb1 Kd5 45. f4 Ng4 46. h3 Nf6 47.
Kf3 Ne4 48. Ra2 Kc6 49. b5+ Kxc5 50. b6 Rd7 51. Rc2+ Kd6 52. Rd1+ Ke6 53. Rxd7
Kxd7 54. Rc7+ Kd8 55. Rxb7 Nc5 56. Ra7 Bf6 57. g4 fxg4+ 58. hxg4 Kc8 59. Rc7+
1-0

[Event "Split Open 2017"]
[Site "Split CRO"]
[Date "2017.08.21"]
[Round "2.5"]
[White "Michalski, Filip"]
[Black "Srbis, Jurica"]
[Result "0-1"]
[WhiteElo "2070"]
[BlackElo "2417"]
[PlyCount "128"]
[EventDate "2017.08.20"]
[EventType "swiss"]
[EventRounds "9"]
[EventCountry "CRO"]
[SourceTitle "Ajedrez en Madrid"]
[Source "lmi"]
[SourceDate "2017.08.20"]
[SourceVersion "1"]
[SourceVersionDate "2018.03.10"]
[SourceQuality "1"]

1. d4 Nf6 2. c4 e6 3. Nc3 Bb4 4. e3 O-O 5. Nge2 c6 6. a3 Ba5 7. b4 Bc7 8. e4 d6
9. Ng3 a5 10. Bb2 axb4 11. axb4 Rxa1 12. Qxa1 e5 13. dxe5 dxe5 14. Be2 Na6 15.
Na2 Qe7 16. O-O Re8 17. Bc3 g6 18. Rd1 h5 19. Qb1 Nb8 20. Nf1 Nbd7 21. Ne3 Nf8
22. Nc1 Ne6 23. Nb3 Nf4 24. Bf1 Ng4 25. Nxg4 Bxg4 26. f3 Bc8 27. Qb2 Qg5 28.
Kh1 h4 29. Qf2 Qh5 30. Nc1 f5 31. Be2 fxe4 32. fxe4 Nxe2 33. Nxe2 Rf8 34. Qe1
h3 35. Rd3 hxg2+ 36. Kxg2 Bd8 37. Ng3 Bh3+ 38. Kh1 Qg4 39. Qe2 Rf1+ 40. Qxf1
Bxf1 41. Rxd8+ Kf7 42. Nxf1 Qf3+ 43. Kg1 Qxc3 44. Rd7+ Ke6 45. Rxb7 Qd4+ 46.
Kg2 Qxe4+ 47. Kf2 Qxc4 48. h3 Qa6 49. Rg7 Kf6 50. Rd7 Qb6+ 51. Ne3 Qxb4 52. Rc7
Qc5 53. Kf3 e4+ 54. Ke2 Qb5+ 55. Kf2 Qb2+ 56. Kf1 Qb6 57. Ng4+ Kg5 58. Rh7 Qb3
59. Nf2 Qc4+ 60. Kg2 e3 61. Ng4 Qe2+ 62. Kg3 Qe1+ 63. Kf3 e2 64. Re7 Qf1+ 0-1

[Event "Split Open 2017"]
[Site "Split CRO"]
[Date "2017.08.21"]
[Round "2.6"]
[White "Burdalev, Kirill"]
[Black "Miskovic, Bozo"]
[Result "1-0"]
[WhiteElo "2368"]
[BlackElo "2073"]
[PlyCount "75"]
[EventDate "2017.08.20"]
[EventType "swiss"]
[EventRounds "9"]
[EventCountry "CRO"]
[SourceTitle "Ajedrez en Madrid"]
[Source "lmi"]
[SourceDate "2017.08.20"]
[SourceVersion "1"]
[SourceVersionDate "2018.03.10"]
[SourceQuality "1"]

1. Nf3 Nf6 2. c4 c5 3. Nc3 Nc6 4. d4 cxd4 5. Nxd4 g6 6. e4 d6 7. Be2 Bg7 8. Be3
Qa5 9. O-O O-O 10. a3 Nd7 11. b4 Qd8 12. Qd2 Nde5 13. f4 Ng4 14. Bxg4 Bxg4 15.
Rac1 Bd7 16. f5 Ne5 17. Nd5 Ng4 18. Bg5 Bxd4+ 19. Qxd4 f6 20. Bd2 g5 21. b5 Be8
22. a4 b6 23. a5 bxa5 24. Ra1 Bf7 25. Bxa5 Qd7 26. Nc7 Rac8 27. c5 Rxc7 28. c6
Rxc6 29. bxc6 Qxc6 30. Rfc1 Qb5 31. Rc7 Rb8 32. Be1 Qe2 33. Bd2 Ne5 34. Rxe7
Rc8 35. Qe3 Qb5 36. Bc3 Ng4 37. Qxa7 Ne5 38. Bxe5 1-0

[Event "Split Open 2017"]
[Site "Split CRO"]
[Date "2017.08.21"]
[Round "2.7"]
[White "Luetic, Ante"]
[Black "Ostovic, Matija"]
[Result "1/2-1/2"]
[WhiteElo "2069"]
[BlackElo "2360"]
[PlyCount "103"]
[EventDate "2017.08.20"]
[EventType "swiss"]
[EventRounds "9"]
[EventCountry "CRO"]
[SourceTitle "Ajedrez en Madrid"]
[Source "lmi"]
[SourceDate "2017.08.20"]
[SourceVersion "1"]
[SourceVersionDate "2018.03.10"]
[SourceQuality "1"]

1. Nf3 Nf6 2. g3 c5 3. Bg2 g6 4. O-O Bg7 5. c4 O-O 6. Nc3 d5 7. cxd5 Nxd5 8.
Qb3 Nb6 9. d3 Nc6 10. Bg5 Be6 11. Qd1 c4 12. d4 Qd7 13. Ne5 Nxe5 14. dxe5 Qc7
15. Bf4 Bxe5 16. Bxe5 Qxe5 17. Bxb7 Rab8 18. Bg2 Rfd8 19. Qc2 Bf5 20. e4 Bg4
21. h3 Be6 22. Rfd1 Nd7 23. Rab1 Nc5 24. Rxd8+ Rxd8 25. Nd5 Bxd5 26. exd5 Qd4
27. Rd1 Nd3 28. b3 Rb8 29. bxc4 Rb2 30. Rxd3 Qf6 31. Rd2 Rxc2 32. Rxc2 Qa1+ 33.
Kh2 Qb1 34. Re2 Qb4 35. Rc2 Qa4 36. Be4 f5 37. Bd3 Qa3 38. Be2 Qc5 39. Kg2 a5
40. Rb2 a4 41. Rb5 Qa3 42. c5 Qxa2 43. Bf3 Qc4 44. Rb8+ Kf7 45. c6 Kf6 46. Rb7
a3 47. c7 Ke5 48. Ra7 a2 49. Rxa2 Qxc7 50. Ra6 Qb7 51. Re6+ Kd4 52. h4 1/2-1/2

[Event "Split Open 2017"]
[Site "Split CRO"]
[Date "2017.08.21"]
[Round "2.8"]
[White "Lamorelle, Julien"]
[Black "Matosevic, Ivica"]
[Result "1-0"]
[WhiteElo "2358"]
[BlackElo "2070"]
[PlyCount "41"]
[EventDate "2017.08.20"]
[EventType "swiss"]
[EventRounds "9"]
[EventCountry "CRO"]
[SourceTitle "Ajedrez en Madrid"]
[Source "lmi"]
[SourceDate "2017.08.20"]
[SourceVersion "1"]
[SourceVersionDate "2018.03.10"]
[SourceQuality "1"]

1. e4 e5 2. Nc3 d6 3. Bc4 Nc6 4. Nf3 Be7 5. d4 exd4 6. Nxd4 Nf6 7. O-O Bd7 8.
f4 O-O 9. Kh1 Nxd4 10. Qxd4 Bc6 11. b4 d5 12. exd5 Bxb4 13. Bb2 Re8 14. Rad1
Bd7 15. Rde1 Ba5 16. Re5 Bb6 17. Qd3 Ng4 18. Ne4 Qh4 19. h3 Ne3 20. Ng5 h6 21.
Qh7+ 1-0

[Event "Split Open 2017"]
[Site "Split CRO"]
[Date "2017.08.21"]
[Round "2.9"]
[White "Trajber, Csaba Dr."]
[Black "Yrjola, Jouni"]
[Result "1/2-1/2"]
[WhiteElo "2064"]
[BlackElo "2343"]
[PlyCount "42"]
[EventDate "2017.08.20"]
[EventType "swiss"]
[EventRounds "9"]
[EventCountry "CRO"]
[SourceTitle "Ajedrez en Madrid"]
[Source "lmi"]
[SourceDate "2017.08.20"]
[SourceVersion "1"]
[SourceVersionDate "2018.03.10"]
[SourceQuality "1"]

1. e4 g6 2. d4 Bg7 3. Nc3 c6 4. Bc4 d6 5. Bb3 Nf6 6. Bg5 h6 7. Bh4 O-O 8. Qf3
a5 9. a4 e5 10. Nge2 Qe7 11. d5 Na6 12. O-O Nb4 13. Rad1 g5 14. Bg3 cxd5 15.
Nxd5 Nfxd5 16. Bxd5 Nxc2 17. Rd2 Nb4 18. Rfd1 Be6 19. Nc3 Ra6 20. Qe2 Rc8 21.
f3 Bxd5 1/2-1/2

[Event "Split Open 2017"]
[Site "Split CRO"]
[Date "2017.08.21"]
[Round "2.10"]
[White "Gjuran, Denis"]
[Black "Glavan, Marko"]
[Result "1/2-1/2"]
[WhiteElo "2342"]
[BlackElo "2069"]
[PlyCount "70"]
[EventDate "2017.08.20"]
[EventType "swiss"]
[EventRounds "9"]
[EventCountry "CRO"]
[SourceTitle "Ajedrez en Madrid"]
[Source "lmi"]
[SourceDate "2017.08.20"]
[SourceVersion "1"]
[SourceVersionDate "2018.03.10"]
[SourceQuality "1"]

1. e4 c5 2. c3 Nf6 3. e5 Nd5 4. d4 cxd4 5. Nf3 Nc6 6. cxd4 d6 7. Bc4 e6 8. O-O
Be7 9. Qe2 O-O 10. Re1 Qb6 11. Rd1 Bd7 12. exd6 Bxd6 13. Nc3 Nxc3 14. bxc3 Na5
15. Bd3 Qc7 16. c4 Ba4 17. Re1 b6 18. Bxh7+ Kxh7 19. Ng5+ Kg6 20. Qe4+ f5 21.
Qh4 Bxh2+ 22. Kh1 Bd7 23. Qh7+ Kf6 24. Qxh2 Qxh2+ 25. Kxh2 Rh8+ 26. Kg3 Nxc4
27. Nf3 Bc6 28. Bg5+ Kf7 29. Rac1 Bxf3 30. Rxc4 Bd5 31. Rc7+ Kg6 32. Bf4 Rhc8
33. Rd7 Rd8 34. Rc7 Rdc8 35. Rd7 Rd8 1/2-1/2

[Event "Split Open 2017"]
[Site "Split CRO"]
[Date "2017.08.21"]
[Round "2.11"]
[White "Jokic, Bozo"]
[Black "Armanda, Ivica"]
[Result "0-1"]
[WhiteElo "2044"]
[BlackElo "2335"]
[PlyCount "76"]
[EventDate "2017.08.20"]
[EventType "swiss"]
[EventRounds "9"]
[EventCountry "CRO"]
[SourceTitle "Ajedrez en Madrid"]
[Source "lmi"]
[SourceDate "2017.08.20"]
[SourceVersion "1"]
[SourceVersionDate "2018.03.10"]
[SourceQuality "1"]

1. d4 Nf6 2. Nf3 g6 3. c4 Bg7 4. Nc3 O-O 5. e4 d6 6. Be2 e5 7. d5 a5 8. Bg5 Na6
9. Bxf6 Bxf6 10. a3 Bd7 11. O-O Bg7 12. Ne1 f5 13. f3 Bh6 14. Nd3 a4 15. Qe1
Be3+ 16. Kh1 f4 17. Nd1 Bd4 18. Rb1 g5 19. g4 h5 20. h3 Rf7 21. Kg2 Rh7 22. Rh1
Kg7 23. N1f2 Qe7 24. Qd1 Rah8 25. Qc2 Nc5 26. Nxc5 Bxc5 27. Nd3 Be3 28. Bf1 Rh6
29. b4 axb3 30. Qxb3 b6 31. Nb4 Kf6 32. Nc2 Bc5 33. Qd3 Qh7 34. Nb4 Be3 35. Nc2
hxg4 36. Nxe3 Rxh3 37. Nxg4+ Bxg4 38. fxg4 Rh2+ 0-1

[Event "Split Open 2017"]
[Site "Split CRO"]
[Date "2017.08.21"]
[Round "3.1"]
[White "Martinovic, Sasa"]
[Black "Topak, Engin"]
[Result "1-0"]
[WhiteElo "2570"]
[BlackElo "2206"]
[PlyCount "57"]
[EventDate "2017.08.20"]
[EventType "swiss"]
[EventRounds "9"]
[EventCountry "CRO"]
[SourceTitle "Ajedrez en Madrid"]
[Source "lmi"]
[SourceDate "2017.08.20"]
[SourceVersion "1"]
[SourceVersionDate "2018.03.10"]
[SourceQuality "1"]

1. d4 Nf6 2. c4 e6 3. Nc3 Bb4 4. e3 O-O 5. Bd3 d5 6. cxd5 exd5 7. Nge2 c5 8.
O-O Nc6 9. a3 Bxc3 10. bxc3 c4 11. Bc2 b5 12. f3 Re8 13. Ng3 a5 14. Kh1 Rb8 15.
e4 Ne7 16. Bg5 Nd7 17. Bxe7 Qxe7 18. Nf5 Qf8 19. e5 Rd8 20. f4 Nb6 21. Nd6 Bd7
22. Qh5 g6 23. Qh4 f5 24. g4 Nc8 25. gxf5 Nxd6 26. fxg6 hxg6 27. Bxg6 Qg7 28.
Rg1 Kf8 29. exd6 1-0